Normal view MARC view
  • King, R. P.

Entry Personal Name

Number of records used in: 1

001 - CONTROL NUMBER

  • control field: 81175

003 - CONTROL NUMBER IDENTIFIER

  • control field: NUST

005 - DATE AND TIME OF LATEST TRANSACTION

  • control field: 20210804103018.0

008 - FIXED-LENGTH DATA ELEMENTS

  • fixed length control field: 210804|| aca||aabn | a|a d

040 ## - CATALOGING SOURCE

  • Original cataloging agency: NUST
  • Transcribing agency: NUST

100 ## - HEADING--PERSONAL NAME

  • Personal name: King, R. P.
  • Fuller form of name: (Ronald Peter),
  • Dates associated with a name: 1938-

670 ## - SOURCE DATA FOUND

  • Source citation: Work cat.: (NUST)31715: King, R. P. (Ronald Peter), 1938-, Modeling and simulation of mineral processing systems /, 2001.
© 2023 Central Library, National University of Sciences and Technology. All Rights Reserved.